Sheffield United Best Scorer By Year - Statistics

General Stats
  • This quiz has been taken 85 times
    34 since last reset
  • The average score is 5 of 17
Answer Stats
Player % Correct
Oliver McBurnie
81%
Oliver McBurnie
81%
David McGoldrick
63%
Brian Deane
52%
Lys Mousset
37%
Ben Brereton
33%
Rob Hulse
19%
Jostein Flo
15%
Mick Jones
15%
Alan Woodward
11%
Harold Brook
11%
Alf Ringstead
7%
Bill Dearden
7%
Bobby Howitt
7%
Derek Hawksworth
7%
Derek Pace
7%
Gil Reece
7%
No matching quizzes found
Score Distribution
Percent of People with Each Score
Percentile by Number Answered
Your Score History
You have not taken this quiz since the last reset